000
00336nam a2200133Ia 4500
008
230312s9999||||xx |||||||||||||| ||und||
082
_a
891.4
_b
SHA-A
100
_a
شاہد رشید
245
0
_a
افکارِ مادرِ ملت رح
260
_b
Nazaria-i- pakistan
_a
pak
_c
2008
300
_a
200
650
_a
Literature
942
_c
BK
999
_c
15064
_d
15064